书目信息 |
| 题名: |
企业管理概论
|
|
| 作者: | 尤建新 主编 | |
| 分册: | ||
| 出版信息: | 北京 高等教育出版社 2006.03 |
|
| 页数: | 505页 | |
| 开本: | 21cm | |
| 丛书名: | 李海波财会系列图书 | |
| 单 册: | ||
| 中图分类: | F270 | |
| 科图分类: | ||
| 主题词: | 企业管理--高等学校--教材 | |
| 电子资源: | ||
| ISBN: | 7-04-018570-9 | |
| 000 | 00897nam 2200265 450 | |
| 001 | 1238852614 | |
| 005 | 20121029104827.48 | |
| 010 | @a7-04-018570-9@dCNY40.70 | |
| 100 | @a20050401d2006 km y0chiy0120 ea | |
| 101 | 0 | @achi |
| 102 | @aCN@b110000 | |
| 105 | @ay z 000yy | |
| 200 | 1 | @a企业管理概论@Aqi ye guan li gai lun@f尤建新主编@Fyou jian xin zhu bian |
| 205 | @a3版 | |
| 210 | @a北京@c高等教育出版社@d2006.03 | |
| 215 | @a505页@d21cm | |
| 225 | 2 | @a李海波财会系列图书 |
| 300 | @a教育部重点推荐教科书 | |
| 330 | @a本书结合我国目前企业管理的实践,对现代企业管理的理论和方法进行全面的探讨,书中主要介绍了企业管理的基本理论、企业经营管理、企业生产管理和企业财务管理等内容。 | |
| 410 | 0 | @12001 @a李海波财会系列图书 |
| 606 | 0 | @a企业管理@x高等学校@x教材 |
| 690 | @aF270@v4 | |
| 701 | 0 | @a尤建新@Ayou jian xin@4主编 |
| 801 | 0 | @aCN@bQSSK@c20050830 |
| 905 | @a10447@dF270@eY6651=3 | |
| 企业管理概论/尤建新主编.-3版.-北京:高等教育出版社,2006.03 |
| 505页;21cm.-(李海波财会系列图书) |
| 教育部重点推荐教科书 |
| ISBN 7-04-018570-9:CNY40.70 |
| 本书结合我国目前企业管理的实践,对现代企业管理的理论和方法进行全面的探讨,书中主要介绍了企业管理的基本理论、企业经营管理、企业生产管理和企业财务管理等内容。 |
| ● |
| 相关链接 |
|
|
|
正题名:企业管理概论
索取号:F270/Y6651=3
 
预约/预借
| 序号 | 登录号 | 条形码 | 馆藏地/架位号 | 状态 | 备注 |
| 1 | 489245 | 204892456 | 社科库409/422社科库 37排2列5层/ [索取号:F270/Y6651=3] | 在馆 |